[Event "Bushehr Lian op 7th"]
[Site "Bushehr"]
[Date "2015.11.13"]
[Round "4"]
[White "Nadimifar, Adnan"]
[Black "Dalkani, Rasoul"]
[Result "1-0"]
[WhiteElo "2178"]
[BlackElo "1797"]
[PlyCount "107"]
[EventDate "2015.11.11"]
[EventType "swiss"]
[EventRounds "9"]
[EventCountry "IRI"]
[SourceTitle "CBM 169 Extra"]
[Source "ChessBase"]
[SourceDate "2015.12.18"]
[SourceVersion "1"]
[SourceVersionDate "2015.12.18"]
[SourceQuality "1"]

1. e4 e6 2. d4 d5 3. Nc3 Nf6 4. Bg5 Be7 5. Bxf6 Bxf6 6. e5 Be7 7. Qg4 Kf8 8. h4 c5 9. dxc5 Nd7 10. Nf3 Qc7 11. Qg3 Nxc5 12. h5 h6 13. 0-0-0 Bd7 14. Kb1 Rc8 15. Nd4 a6 16. f4 b5 17. Bd3 b4 18. Nce2 Nxd3 19. cxd3 Kg8 20. Rc1 Qb6 21. Rxc8+ Bxc8 22. Rc1 Bd7 23. Qf3 f6 24. exf6 Bxf6 25. Nb3 Kh7 26. Nc5 Bb5 27. f5 e5 28. Qxd5 Rd8 29. Qf7 e4 30. Nf4 exd3 31. Nd5 Rxd5 32. Qxd5 d2 33. Qxd2 Bg5 34. Qxb4 Bxc1 35. Kxc1 Qf6 36. g4 Qg5+ 37. Kc2 Qe3 38. a4 Qe2+ 39. Kb3 Qd1+ 40. Ka2 Qd5+ 41. Ka3 Qf3+ 42. Qb3 Qxb3+ 43. Kxb3 Be2 44. a5 Bxg4 45. Nxa6 Bxh5 46. Nc5 Bf3 47. Kc3 Kg8 48. b4 Kf7 49. b5 h5 50. Kd4 h4 51. Ke3 Bd5 52. Kf4 Ke7 53. a6 Kd6 54. b6 1-0